Responses for Show #4651 - Monday, November 22, 2004

2004 College Championship final game 1.

Contestants

[<< previous game]

Ari Schoenholtz, a senior at Williams College from Bethesda, Maryland

Rachel McCool, a sophomore at Dickinson College from Pittsburgh, Pennsylvania

Kermin Fleming, a junior at Carnegie Mellon University from Lexington, Kentucky

[next game >>]

Jeopardy! Round responses

PLACES FOR ANIMALS
STUPID ANSWERS
ROAD TRIPPING
UNITS OF MEASURE
WORD ORIGINS
PITTSBURGH STEELERS, PIRATES & PENGUINS
    $200 2
sea

Kermin
    $200 9
the Screen Actors Guild

Rachel
    $200 29
a truck stop

Kermin
    $200 30
a liter

Kermin
    $200 4
balsa

Kermin
    $200 1
(Roberto) Clemente

Ari
    $400 6
a snow leopard

Kermin
    $400 10
flags

Ari
    $400 28
Bismarck

Kermin
    $400 24
carat

Kermin
    $400 20
colossal

Rachel
    $400 3
Joe Greene

Rachel
    $600 14
the earth

Kermin
    $600 11
(Kermin: Who is Dinkins?)
(Rachel: Who is Marion Berry?)

Walter Washington

KerminRachel
Triple Stumper
    $600 25
Georgia O'Keeffe

Kermin
    $600 15
point

Kermin
    $600 21
a caddy

Kermin
    $600 5
(Herb) Brooks

Ari
    $800 18
meadow

Rachel
    $800 12
Key West

Rachel
    $2,000 26
Kitty Hawk

Kermin
    $800 16
the inch

Triple Stumper
    $800 22
jot

Kermin
    $800 7
Terry Bradshaw

Kermin
    $1000 19
polar

Rachel
    $1000 13
(Kermin: What is the trappist?)

the puller

KerminRachel
    $1000 27
Crater Lake

Kermin
    $1000 17
horsepower

Kermin
    $1000 23
galoshes

Kermin
    $1000 8
Bill Cowher

Rachel

Scores at the first commercial break (after clue 15):

Kermin Rachel Ari
$1,200 $2,800 $1,200

Scores at the end of the Jeopardy! Round:

Kermin Rachel Ari
$9,400 $5,000 $1,200

Double Jeopardy! Round responses

CLIFFS NOTES
(Alex: You guys probably never use them.)
I HEAR YOU CALLING
(Alex: That's a great category, particularly if you have a cell phone.)
ROYAL SCANDALS
A REAL RHODES SCHOLAR
X GAMES
STEELERS, PIRATES & PENGUINS
    $400 10
The Divine Comedy

Rachel
    $400 21
Madonna

Kermin
    $400 2
George III

Ari
    $400 15
penicillin

Kermin
    $400 1
John Henry

Rachel
    $800 11
Pilgrim's Progress

Ari
    $800 3
Napoleon

Kermin
    $800 16
Bill Clinton

Ari
    $800 24
connections

Rachel
    $800 4
(Ari: Who is Jenkins?)

Blackbeard

KerminAri
    $1200 14
(Kermin: What are The Misanthropes?)

(1 of) The Misanthrope, Tartuffe or Le Bourgeois Gentilhomme

KerminAri
    $1200 25
Nickelback

Triple Stumper
    $1200 7
Augustus

Rachel
    $1200 18
Gen. Clark

Ari
    $1200 22
a codex

Triple Stumper
    $1200 5
an emperor penguin

Kermin
    $1600 13
Candide

Rachel
    $1600 8
(Rachel: Who is Charles I?)
...
(Alex: You were one Charles shy.)

Charles II

Rachel
Triple Stumper
    $1600 19
Hubble

Kermin
    $1600 23
XXX

Triple Stumper
    $2,000 6
The Pirates of Penzance

Kermin
    $2000 12
(Rachel: What is Ulysses?)

Finnegan's Wake

RachelAri
    $2000 9
Franz Liszt

Rachel
    $2000 17
(Rachel: What is the Marshall Scholarship?)

the Fulbright Scholarship

KerminRachel
    $2000 20
Andrew Carnegie

Ari

Scores at the end of the Double Jeopardy! Round:

Kermin Rachel Ari
$17,400 $5,800 $8,800

Final Jeopardy! Round responses

20th CENTURY AMERICANS
(Alex: If you remember the play and the movie The Miracle Worker, the first word spoken by [*] was "water".)
RachelWho is Rachel Carson?
$3,800
AriWho is Carson?
$6,200
KerminWho is Rachel Carson?
$3,600
Helen Keller

Final scores:

Kermin Rachel Ari
$13,800 $2,000 $2,600

Game dynamics:

Coryat scores:

Kermin Rachel Ari
$15,800 $5,800 $8,800
25 R
(including 2 DDs),
3 W
14 R,
4 W
10 R,
1 W

Combined Coryat: $30,400

[game clues] [game scores] [suggest correction]

Game tape date: 2004-10-10
The J! Archive is created by fans, for fans. Scraping, republication, monetization, and malicious use prohibited; this site may use cookies and collect identifying information. See terms. The Jeopardy! game show and all elements thereof, including but not limited to copyright and trademark thereto, are the property of Jeopardy Productions, Inc. and are protected under law. This website is not affiliated with, sponsored by, or operated by Jeopardy Productions, Inc. Join the discussion at JBoard.tv.